[Event "FRA-chT4 0405"]
[Site "Bretagne"]
[Date "2005.01.09"]
[Round "4"]
[White "Treguier, Olivier"]
[Black "Allan, Regis"]
[Result "1/2-1/2"]
[WhiteElo "1860"]
[BlackElo "1730"]
[PlyCount "109"]
[EventDate "2004.04.03"]
[EventType "team"]
[EventRounds "7"]
[EventCountry "FRA"]
[SourceTitle "EXT 2007"]
[Source "ChessBase"]
[SourceDate "2006.11.23"]
[SourceVersion "1"]
[SourceVersionDate "2006.11.23"]
[SourceQuality "1"]

1. d4 d5 2. c4 e6 3. Nc3 Nf6 4. Nf3 c6 5. Bg5 Be7 6. e3 Nbd7 7. Bd3 h6 8. Bh4 Nh5 9. Bxe7 Qxe7 10. 0-0 Nhf6 11. Rc1 0-0 12. h3 a6 13. Nd2 e5 14. cxd5 Nxd5 15. Nxd5 cxd5 16. dxe5 Qxe5 17. b3 Nf6 18. Nf3 Qd6 19. Bb1 Qb6 20. Qd2 Be6 21. Rfd1 Rac8 22. Qd4 Qxd4 23. Nxd4 Rxc1 24. Rxc1 Rc8 25. Rd1 Kf8 26. Kf1 Ke7 27. Ke2 Ne4 28. Bxe4 dxe4 29. Rd2 f5 30. f3 exf3+ 31. Kxf3 g5 32. g3 h5 33. h4 gxh4 34. gxh4 Rg8 35. Rh2 Rg4 36. Kf2 Bd7 37. Nf3 Kd6 38. Rg2 Rxg2+ 39. Kxg2 Bc6 40. Kg3 Bxf3 41. Kxf3 Ke5 42. b4 b6 43. a4 b5 44. a5 Kd5 45. Kf4 Kc4 46. Kxf5 Kxb4 47. e4 Kxa5 48. e5 b4 49. e6 b3 50. e7 b2 51. e8Q b1Q+ 52. Kf6 Qb6+ 53. Kg7 Qd4+ 54. Kh6 Qxh4 55. Qe5+ 1/2-1/2